| 000 | 00514nam a2200217 a 4500 | ||
|---|---|---|---|
| 003 | AR-BaBNM | ||
| 005 | 20251128203543.0 | ||
| 008 | 082120s2002 ||||||||||||||000 | spa|| | ||
| 040 | _cAR-BaBNM | ||
| 100 | 1 | _aArlt, Roberto | |
| 245 | 0 | 0 | _aEl juguete rabioso |
| 260 |
_aBuenos Aires _bFuturo _c1950 |
||
| 300 | _a188 p. | ||
| 650 | 4 | _aLITERATURA ARGENTINA | |
| 650 | 4 | _aDELITOS | |
| 650 | 4 | _aREVOLUCION DE 1930 | |
| 653 | _aNOVELA DE APRENDIZAJE | ||
| 655 | _aLITERATURA | ||
| 942 | _cBK | ||
| 998 | _cisola | ||
| 999 |
_c3910 _d3910 |
||